[Event "Euro Online U2300 Day 1"]
[Site "chess.com INT"]
[Date "2020.05.25"]
[Round "7"]
[White "Papp, Petra"]
[Black "Verbin, Valentina"]
[Result "1-0"]
[WhiteTitle "WGM"]
[WhiteElo "2338"]
[BlackElo "1982"]
[WhiteFideId "739049"]
[BlackFideId "13905910"]
[EventDate "2020.05.25"]

1. e4 c5 2. Nf3 d6 3. d4 cxd4 4. Nxd4 Nf6 5. Nc3 a6 6. Be3 e5 7. Nb3 Be6 8. f3
Nbd7 9. g4 Be7 10. Qd2 O-O 11. O-O-O b5 12. g5 b4 13. Ne2 Ne8 14. f4 a5 15. f5
a4 16. fxe6 axb3 17. cxb3 fxe6 18. Bh3 Rxa2 19. Bxe6+ Kh8 20. Ng3 Ra1+ 21. Kc2
Qc7+ 22. Bc4 Rxd1 23. Rxd1 Nb6 24. Qxb4 Nc8 25. Qb5 Na7 26. Qb6 Qxb6 27. Bxb6
Nc8 28. Be3 g6 29. Rf1 Rxf1 30. Bxf1 Nc7 31. Bh3 1-0

[Event "Euro Online U2300 Day 1"]
[Site "chess.com INT"]
[Date "2020.05.25"]
[Round "7"]
[White "Lopez Varela, Pablo"]
[Black "Petrovic, Aleksa"]
[Result "1-0"]
[WhiteElo "2177"]
[BlackElo "2072"]
[WhiteFideId "32092105"]
[BlackFideId "967629"]
[EventDate "2020.05.25"]

1. e4 Nf6 2. e5 Nd5 3. c4 Nb6 4. d4 d6 5. exd6 exd6 6. Bd3 Be7 7. Ne2 O-O 8.
Nbc3 Nc6 9. d5 Ne5 10. b3 Nxd3+ 11. Qxd3 Nd7 12. Bb2 Ne5 13. Qd2 Bf5 14. O-O Qd7
15. Nd4 Bg6 16. f4 Nd3 17. f5 Nxb2 18. fxg6 Qg4 19. gxf7+ Rxf7 20. Rxf7 Kxf7 21.
Ne6 Nxc4 22. bxc4 Qxc4 23. Rf1+ Bf6 24. Ne4 Ke7 25. Nxf6 gxf6 26. Rxf6 Kxf6 27.
Qg5+ Kf7 28. Qg7+ Ke8 29. Qf8+ Kd7 30. Qf7+ Kc8 31. Qe8# 1-0

[Event "Euro Online U2300 Day 1"]
[Site "chess.com INT"]
[Date "2020.05.25"]
[Round "7"]
[White "Pavlov, Mikhail"]
[Black "Kastner, Walter"]
[Result "0-1"]
[BlackTitle "FM"]
[WhiteElo "2091"]
[BlackElo "2187"]
[WhiteFideId "44126573"]
[BlackFideId "1602500"]
[EventDate "2020.05.25"]

1. e4 d6 2. d4 Nf6 3. Nc3 e5 4. Nf3 Nbd7 5. Bc4 Be7 6. O-O O-O 7. Re1 a6 8. a4
b6 9. h3 Bb7 10. Bg5 c6 11. Qd2 b5 12. axb5 cxb5 13. Bd3 Rc8 14. d5 Nc5 15. Nd1
h6 16. Bxf6 Bxf6 17. Ne3 Bg5 18. c3 Nb3 19. Qe2 Nxa1 20. Rxa1 Bxe3 21. Qxe3 Rc7
22. Nh2 Qg5 23. Qe2 f5 24. exf5 Bxd5 25. g4 Bb7 26. Bc2 Qf4 27. Rd1 Rd8 28. Bb3+
Kh8 29. Bc2 d5 30. Nf3 d4 31. Nh4 Qg5 32. Ng6+ Kh7 33. Qxe5 Rcd7 34. Qe6 d3 35.
Bb3 Qf6 36. Qe3 Qc6 37. f4 Qg2# 0-1

[Event "Euro Online U2300 Day 1"]
[Site "chess.com INT"]
[Date "2020.05.25"]
[Round "7"]
[White "Buksa, Nataliya"]
[Black "Golubenko, Valeriy"]
[Result "1-0"]
[WhiteTitle "IM"]
[WhiteElo "2410"]
[BlackElo "2211"]
[WhiteFideId "14123622"]
[BlackFideId "2216477"]
[EventDate "2020.05.25"]

1. d4 g6 2. Nc3 Bg7 3. e4 d6 4. f4 Nf6 5. Nf3 O-O 6. Bd3 c5 7. d5 Na6 8. O-O Nc7
9. Qe1 e6 10. dxe6 Nxe6 11. Qh4 Nh5 12. Qxd8 Rxd8 13. Nd5 Bd7 14. g4 Nf6 15.
Nxf6+ Bxf6 16. g5 Bg7 17. f5 Nd4 18. f6 Bf8 19. Nxd4 cxd4 20. Bf4 Bc6 21. Kf2 d5
22. e5 Bd7 23. Kg3 Be6 24. h4 Rac8 25. h5 Bf5 26. Rf2 Bxd3 27. cxd3 Rc6 28. Rh1
Rd7 29. Re2 Re6 30. Rc1 Rc6 31. Rh1 Re6 32. hxg6 fxg6 33. Rc2 h5 34. gxh6 Kh7
35. Kg4 Bb4 36. Rc8 Ba5 37. Rhc1 Rd8 38. Rxd8 Bxd8 39. Rc8 Ba5 40. Rb8 Rb6 41.
f7 1-0

[Event "Euro Online U2300 Day 1"]
[Site "chess.com INT"]
[Date "2020.05.25"]
[Round "7"]
[White "Garcia Dorado, Alberto"]
[Black "Zpevakova, Jana"]
[Result "1-0"]
[WhiteTitle "CM"]
[BlackTitle "WFM"]
[WhiteElo "2175"]
[BlackElo "2106"]
[WhiteFideId "2252244"]
[BlackFideId "334030"]
[EventDate "2020.05.25"]

1. d4 d5 2. c4 e6 3. Nf3 Nf6 4. g3 dxc4 5. Bg2 Nc6 6. Qa4 Bb4+ 7. Bd2 Bxd2+ 8.
Nbxd2 Bd7 9. Qxc4 a6 10. O-O O-O 11. Rac1 Qe7 12. Ne5 Rab8 13. Nxc6 Bxc6 14.
Bxc6 bxc6 15. b3 Rb4 16. Qc3 Rd8 17. Nf3 Rd6 18. e3 Nd5 19. Qc2 Qf6 20. Ne5 Rb6
21. Nc4 Nb4 22. Qd2 Rb5 23. Nxd6 cxd6 24. a3 Nd5 25. Rxc6 h6 26. b4 Ne7 27. Rxa6
Qf3 28. Qd1 Qb7 29. Rxd6 Nf5 30. Rd8+ Kh7 31. Qd3 g6 32. e4 Qe7 33. Qxb5 1-0

[Event "Euro Online U2300 Day 1"]
[Site "chess.com INT"]
[Date "2020.05.25"]
[Round "7"]
[White "Chalus, Karel"]
[Black "Thanke, Bror"]
[Result "1-0"]
[WhiteElo "2044"]
[BlackElo "2164"]
[WhiteFideId "311723"]
[BlackFideId "1502360"]
[EventDate "2020.05.25"]

1. e4 c5 2. Nf3 e6 3. d4 cxd4 4. Nxd4 a6 5. Nc3 Qc7 6. g3 Nf6 7. Bg2 Bb4 8. Bd2
Nc6 9. Nde2 O-O 10. O-O b5 11. Bf4 d6 12. a3 e5 13. Bg5 Bxc3 14. Nxc3 Be6 15.
Bxf6 gxf6 16. f4 b4 17. axb4 Nxb4 18. fxe5 fxe5 19. Rf2 Kh8 20. Qd2 Rg8 21. Nd5
Nxd5 22. exd5 Bg4 23. Raf1 Bh5 24. Rf6 Bg6 25. h4 Qxc2 26. Qxc2 Bxc2 27. Rxd6
Rxg3 28. Kh2 Rg7 29. Rdf6 Kg8 30. d6 Bb3 31. Bxa8 1-0

[Event "Euro Online U2300 Day 1"]
[Site "chess.com INT"]
[Date "2020.05.25"]
[Round "7"]
[White "Mishin, Alexei"]
[Black "Usanov, Maxim"]
[Result "1-0"]
[WhiteElo "2206"]
[BlackElo "2093"]
[WhiteFideId "4157940"]
[BlackFideId "14112728"]
[EventDate "2020.05.25"]

1. e4 c5 2. c3 Nf6 3. e5 Nd5 4. Nf3 Nc6 5. Bc4 Nb6 6. Bb3 c4 7. Bc2 d6 8. exd6
Qxd6 9. d4 cxd3 10. Bxd3 Bg4 11. Na3 O-O-O 12. Be2 Qg6 13. Qc2 Bf5 14. Qb3 Be6
15. Qb5 Rd5 16. Qb3 Na5 17. Qb4 Nc6 18. Qf4 Bd7 19. O-O e5 20. Qg3 f5 21. Qxg6
hxg6 22. Nc4 e4 23. Nxb6+ axb6 24. Ng5 Ne5 25. Be3 Bc5 26. c4 Rd6 27. Bf4 Re8
28. Bxe5 Rxe5 29. Nf7 Re7 30. Nxd6+ Bxd6 31. a3 f4 32. b4 Bf5 33. Rad1 Be5 34.
h3 Bb2 35. Rb1 Be5 36. Bg4 Kc7 37. Bxf5 gxf5 38. Rfd1 g5 39. Rd5 g4 40. Rbd1 g3
41. f3 e3 42. Kf1 Bb2 43. Ke2 Bxa3 44. Rb1 b5 45. Rxb5 Rd7 46. Rd5 Rxd5 47. cxd5
Kd6 48. Kd1 Kxd5 49. Rb3 1-0

[Event "Euro Online U2300 Day 1"]
[Site "chess.com INT"]
[Date "2020.05.25"]
[Round "7"]
[White "Akca, Gani Eren"]
[Black "Franchuk, Serhiy"]
[Result "1/2-1/2"]
[WhiteElo "2142"]
[BlackElo "2026"]
[WhiteFideId "6303013"]
[BlackFideId "14116740"]
[EventDate "2020.05.25"]

1. e4 c5 2. Nf3 d6 3. d4 cxd4 4. Nxd4 Nf6 5. Nc3 a6 6. Be3 e6 7. f3 b5 8. Qd2
Bb7 9. g4 Be7 10. O-O-O Nc6 11. Nxc6 Bxc6 12. Ne2 Rc8 13. Nd4 Bb7 14. g5 Nd7 15.
h4 Ne5 16. Kb1 Nc4 17. Bxc4 Rxc4 18. h5 Qc7 19. g6 hxg6 20. hxg6 Rxh1 21. Rxh1
Bf6 22. Rh8+ Ke7 23. gxf7 Kxf7 24. b3 Rc3 25. Qh2 Bc6 26. Qh7 Rxe3 27. Qg8+ Kg6
28. Qh7+ Kf7 29. Qg8+ Kg6 30. Qh7+ Kf7 1/2-1/2

[Event "Euro Online U2300 Day 1"]
[Site "chess.com INT"]
[Date "2020.05.25"]
[Round "7"]
[White "Nikac, Predrag"]
[Black "Frick, Christoph"]
[Result "1-0"]
[WhiteTitle "IM"]
[BlackTitle "FM"]
[WhiteElo "2313"]
[BlackElo "2101"]
[WhiteFideId "908975"]
[BlackFideId "4607090"]
[EventDate "2020.05.25"]

1. e4 c6 2. d4 d5 3. e5 Bf5 4. h4 Qc7 5. Nc3 h6 6. Nge2 e6 7. Ng3 Bh7 8. f4 Bb4
9. Qg4 Kf8 10. f5 exf5 11. Nxf5 Bxf5 12. Qxf5 Ne7 13. Qf3 c5 14. Bd3 cxd4 15.
O-O Ke8 16. Qxf7+ Kd8 17. Nxd5 Nxd5 18. Qxd5+ Qd7 19. Qb3 Nc6 20. e6 Qe7 21. Bf4
Re8 22. Bf5 Qc5 23. a3 d3+ 24. Kh1 Nd4 25. Qxd3 1-0

[Event "Euro Online U2300 Day 1"]
[Site "chess.com INT"]
[Date "2020.05.25"]
[Round "7"]
[White "Loew, Gerald"]
[Black "Karasik, Mikhail"]
[Result "1-0"]
[WhiteTitle "FM"]
[WhiteElo "2152"]
[BlackElo "2167"]
[WhiteFideId "4615875"]
[BlackFideId "4154541"]
[EventDate "2020.05.25"]

1. c4 e6 2. e4 d5 3. exd5 exd5 4. d4 c6 5. Nc3 Bb4 6. Nf3 Bg4 7. Be3 Qa5 8. Qb3
Nf6 9. a3 Bxc3+ 10. bxc3 Ne4 11. Rc1 b6 12. Qb4 Qxb4 13. axb4 Bxf3 14. gxf3 Nd6
15. cxd5 cxd5 16. Bf4 Kd7 17. Bh3+ Kc7 18. c4 g5 19. cxd5+ Kb7 20. Bxd6 Rd8 21.
Rc7+ Ka6 22. Bf1+ b5 23. Bc5 Rxd5 24. Kd2 Nd7 25. Bd3 Nxc5 26. dxc5 Rad8 27.
Ra1# 1-0

[Event "Euro Online U2300 Day 1"]
[Site "chess.com INT"]
[Date "2020.05.25"]
[Round "7"]
[White "Bykhovsky, Avigdor"]
[Black "Sernecki, Franciszek"]
[Result "1/2-1/2"]
[WhiteTitle "GM"]
[BlackTitle "FM"]
[WhiteElo "2405"]
[BlackElo "2243"]
[WhiteFideId "4101057"]
[BlackFideId "1169297"]
[EventDate "2020.05.25"]

1. d4 Nf6 2. c4 e6 3. Nf3 d5 4. Nc3 c6 5. e3 a6 6. Bd2 dxc4 7. Bxc4 b5 8. Be2 c5
9. dxc5 Bxc5 10. Rc1 Nbd7 11. O-O O-O 12. Qc2 Bb7 13. Ng5 Rc8 14. Qb1 Qe7 15.
Rfd1 Bb6 16. Bf3 Bxf3 17. Nxf3 Rfd8 18. Be1 h6 19. h3 Ba7 1/2-1/2

[Event "Euro Online U2300 Day 1"]
[Site "chess.com INT"]
[Date "2020.05.25"]
[Round "7"]
[White "Pantovic, Dragan M"]
[Black "Kett, Tim"]
[Result "0-1"]
[BlackTitle "CM"]
[WhiteElo "2051"]
[BlackElo "2178"]
[WhiteFideId "915211"]
[BlackFideId "1801210"]
[EventDate "2020.05.25"]

1. d4 d5 2. c4 e6 3. Nc3 c5 4. cxd5 exd5 5. Nf3 Nc6 6. g3 Nf6 7. Bg2 cxd4 8.
Nxd4 Bc5 9. Nxc6 bxc6 10. O-O O-O 11. Qc2 Bg4 12. Na4 Bb6 13. h3 Bd7 14. Nc5 Qc8
15. Nxd7 Qxd7 16. Bg5 Ne4 17. Bxe4 dxe4 18. Qxe4 Qxh3 19. Qg2 Qg4 20. Bf4 Qxe2
21. Qxc6 Rac8 22. Qa4 Qxb2 23. Rad1 Rfd8 24. Rxd8+ Rxd8 25. Qc4 Qd4 26. Qxd4
Bxd4 27. Kg2 h6 28. Rc1 g5 29. Bc7 Rc8 30. Bf4 Rxc1 31. Bxc1 f5 32. f3 Kf7 33.
g4 f4 34. Kf1 Kg6 35. Ke2 h5 36. gxh5+ Kxh5 37. Ba3 g4 38. fxg4+ Kxg4 39. Bd6
f3+ 40. Kf1 Kf5 41. Bh2 Ke4 42. Bg1 Bb6 43. a4 Kd3 44. a5 Bxg1 45. Kxg1 Ke2 46.
a6 f2+ 0-1

[Event "Euro Online U2300 Day 1"]
[Site "chess.com INT"]
[Date "2020.05.25"]
[Round "7"]
[White "Bazakutsa, Svyatoslav"]
[Black "Shtyka, Sergey"]
[Result "0-1"]
[BlackTitle "FM"]
[WhiteElo "1966"]
[BlackElo "2175"]
[WhiteFideId "14198525"]
[BlackFideId "4138465"]
[EventDate "2020.05.25"]

1. c4 c5 2. Nf3 Nc6 3. Nc3 g6 4. d4 cxd4 5. Nxd4 Bg7 6. e3 Nf6 7. h3 O-O 8. Nxc6
bxc6 9. e4 Qa5 10. Bd2 Rb8 11. b3 Qe5 12. f4 Qd4 13. e5 Nh5 14. Qf3 d6 15. g4
dxe5 16. gxh5 exf4 17. Rd1 e5 18. Qe4 Qc5 19. Na4 Qa3 20. Qc2 Bf5 21. Qc3 e4 22.
Qc1 Qxa2 23. Bxf4 Rxb3 24. Be2 Qxa4 25. hxg6 hxg6 26. O-O Rxh3 27. Kg2 Rc3 28.
Qd2 Bh3+ 29. Kf2 Bxf1 30. Rxf1 Rxc4 31. Bxc4 Qxc4 32. Be3 a6 33. Rh1 Qd5 34. Qe2
Qf5+ 35. Kg1 Rb8 36. Bf2 Rb1+ 37. Kg2 Rxh1 38. Kxh1 Qf3+ 39. Qxf3 exf3 40. Kg1
Be5 41. Kf1 g5 42. Ke1 g4 43. Kd2 f5 44. Ke3 Kf7 45. Be1 Ke6 46. Kd3 Kd5 47. Ke3
c5 48. Kd3 c4+ 49. Ke3 f4+ 50. Kf2 Ke4 51. Bd2 Bc7 52. Kf1 a5 53. Bc1 a4 54. Ba3
c3 55. Bc1 g3 56. Ba3 Be5 57. Bc5 c2 58. Ba3 Bd4 59. Ke1 g2 60. Kd2 f2 61. Kxc2
f1=B 62. Kd2 Bd3 63. Bb4 f3 64. Ba3 f2 65. Bb4 g1=B 66. Bc3 Bxc3+ 67. Kxc3 f1=B
68. Kb4 Bb5 69. Ka5 a3 70. Kb4 a2 71. Kb3 a1=B 72. Ka2 Bad4 73. Kb3 Bfc4+ 74.
Kb4 Bc5+ 75. Ka5 Bb6+ 76. Kb4 Bgc5+ 77. Kc3 Ba5+ 78. Kc2 Kd4 79. Kb2 Bc3+ 80.
Kc2 Bd3+ 81. Kb3 Bbc4+ 82. Ka4 Bc2# 0-1

[Event "Euro Online U2300 Day 1"]
[Site "chess.com INT"]
[Date "2020.05.25"]
[Round "7"]
[White "Ghukasyan, Siranush"]
[Black "Marn, Jan"]
[Result "1/2-1/2"]
[WhiteTitle "WIM"]
[BlackTitle "FM"]
[WhiteElo "2222"]
[BlackElo "2360"]
[WhiteFideId "13300946"]
[BlackFideId "14619245"]
[EventDate "2020.05.25"]

1. e4 e5 2. Nf3 Nc6 3. Bb5 a6 4. Ba4 Nf6 5. d4 exd4 6. e5 Ne4 7. Nxd4 Bc5 8.
Nxc6 bxc6 9. O-O Qh4 10. Be3 Nxf2 11. Bxf2 Bxf2+ 12. Rxf2 Qxa4 13. Nc3 Qh4 14.
Qf3 O-O 15. Raf1 Rb8 16. b3 Bb7 17. Qf5 g6 18. Qxd7 Bc8 19. Qxc7 Be6 20. Qxc6
Rbc8 21. Qf3 Qd4 22. Ne4 Rxc2 23. Nf6+ Kg7 24. Qe4 Qxe4 25. Nxe4 Rfc8 26. Rd1
Bf5 27. Nd6 Rxf2 28. Kxf2 Rc2+ 29. Kf3 Rxa2 30. Nxf5+ gxf5 31. Rd6 Ra3 32. Rb6
a5 33. Kf4 Ra2 34. g3 Rxh2 35. Kxf5 Rb2 36. Rb5 Rb1 37. g4 Rb2 38. Rb7 a4 39. e6
Rf2+ 40. Kg5 h6+ 41. Kh4 axb3 42. exf7 Rxf7 43. Rxb3 1/2-1/2

[Event "Euro Online U2300 Day 1"]
[Site "chess.com INT"]
[Date "2020.05.25"]
[Round "7"]
[White "Raeber, Markus"]
[Black "Upero, Jussi"]
[Result "0-1"]
[WhiteElo "2237"]
[BlackElo "2176"]
[WhiteFideId "1302108"]
[BlackFideId "504491"]
[EventDate "2020.05.25"]

1. d4 d5 2. Nf3 e6 3. c4 c6 4. g3 dxc4 5. Bg2 b5 6. e4 Bb7 7. O-O Nf6 8. e5 Nd5
9. Ng5 Be7 10. Qh5 g6 11. Qh6 Bf8 12. Qh3 Nd7 13. Nc3 h6 14. Nce4 Be7 15. Nxe6
fxe6 16. Qxe6 Nf8 17. Qg4 Qd7 18. Qf3 Qf5 19. Qe2 Ne6 20. Be3 O-O 21. a4 a6 22.
Rad1 Rad8 23. Bxh6 Rf7 24. h4 Nb4 25. Kh2 Nd3 26. Bh3 Nxd4 27. Bxf5 Nxe2 28.
Bxg6 c5 29. Ng5 Bxg5 30. Bxg5 Rd5 31. axb5 axb5 32. Bxf7+ Kxf7 33. Ra1 Nd4 34.
Ra7 Rd7 35. e6+ Kxe6 36. Be3 Nxb2 37. f4 Nd3 38. f5+ Nxf5 39. Bg5 Ne5 40. Re1
Nd4 41. Kh3 Nf3 42. Rea1 Nxg5+ 43. hxg5 Rh7# 0-1

[Event "Euro Online U2300 Day 1"]
[Site "chess.com INT"]
[Date "2020.05.25"]
[Round "7"]
[White "Gheorghiu, Calin"]
[Black "Kormos, Adam"]
[Result "0-1"]
[WhiteTitle "FM"]
[WhiteElo "2283"]
[BlackElo "2279"]
[WhiteFideId "1200305"]
[BlackFideId "730483"]
[EventDate "2020.05.25"]

1. e4 d6 2. d4 Nf6 3. Nc3 g6 4. h3 c6 5. Be3 b5 6. Bd3 Nbd7 7. f4 b4 8. Nce2 Bg7
9. Nf3 O-O 10. O-O a5 11. c4 bxc3 12. bxc3 Ba6 13. c4 d5 14. e5 dxc4 15. exf6
cxd3 16. fxg7 dxe2 17. gxf8=Q+ Nxf8 18. Qc2 exf1=Q+ 19. Rxf1 Bxf1 20. Kxf1 Qd5
21. Ne5 Rc8 22. f5 f6 23. fxg6 fxe5 24. Qf5 Rb8 25. gxh7+ Nxh7 26. Qg6+ Kh8 27.
Bh6 Rg8 28. Qf5 Qxg2+ 29. Ke1 Qg1+ 30. Kd2 Qxd4+ 31. Kc2 Rg2+ 32. Kc1 Qg1+ 33.
Qf1 Qxf1# 0-1

[Event "Euro Online U2300 Day 1"]
[Site "chess.com INT"]
[Date "2020.05.25"]
[Round "7"]
[White "Sherman, Reem"]
[Black "Kharatyan, Roman"]
[Result "1-0"]
[WhiteElo "2146"]
[BlackElo "1984"]
[WhiteFideId "2822288"]
[BlackFideId "13305220"]
[EventDate "2020.05.25"]

1. e4 d6 2. d4 Nf6 3. Bd3 g6 4. f4 Bg7 5. Nf3 O-O 6. O-O Nc6 7. c3 d5 8. e5 Ne4
9. Be3 e6 10. Nbd2 Nxd2 11. Qxd2 Ne7 12. g4 b6 13. h4 c5 14. dxc5 bxc5 15. Bxc5
a5 16. b4 Qc7 17. Nd4 Re8 18. Nb5 Qc6 19. Nd6 Rd8 20. Qe3 d4 21. Qxd4 axb4 22.
cxb4 Bb7 23. Be4 Qxe4 24. Qxe4 Bxe4 25. Nxe4 Nd5 26. a4 f6 27. exf6 Nxf6 28.
Nxf6+ Bxf6 29. Ra2 Rd3 30. Kg2 e5 31. fxe5 Bxe5 32. Rf3 Rd1 33. a5 Bd6 34. a6
Bxc5 35. bxc5 Rc1 36. a7 Rxc5 37. Rb3 Rcc8 38. Rb7 Re8 39. Rab2 Kf8 40. Rxh7 Kg8
41. Rhb7 Kf8 42. Kh2 Kg8 43. Rb8 Kf7 44. Rxe8 Rxe8 45. Rb8 Re2+ 46. Kg1 1-0

[Event "Euro Online U2300 Day 1"]
[Site "chess.com INT"]
[Date "2020.05.25"]
[Round "7"]
[White "Iljushina, Olga"]
[Black "Havelka, Ondrej"]
[Result "0-1"]
[WhiteTitle "WGM"]
[WhiteElo "2132"]
[BlackElo "2140"]
[WhiteFideId "4152280"]
[BlackFideId "349526"]
[EventDate "2020.05.25"]

1. d4 Nf6 2. c4 e6 3. Nc3 Bb4 4. Qc2 c5 5. e3 O-O 6. Nf3 Nc6 7. Bd3 d6 8. O-O e5
9. a3 Bxc3 10. bxc3 Qc7 11. d5 Ne7 12. e4 b6 13. Bg5 Bg4 14. Nh4 Ne8 15. h3 Bh5
16. g4 Bg6 17. Nf5 f6 18. Be3 Bf7 19. f4 g6 20. Ng3 Ng7 21. Kh2 exf4 22. Bxf4 g5
23. Be3 Be8 24. Rf2 Ng6 25. Raf1 Qd8 26. Nh5 Nxh5 27. gxh5 Ne5 28. Bxg5 Bxh5 29.
Bxf6 Qe8 30. Rg1+ Bg6 31. Kh1 Qf7 32. Bxe5 Qxf2 33. Qxf2 Rxf2 34. Bxd6 Rf3 35.
Rg3 Rxd3 36. Kh2 Rxg3 37. Kxg3 Bxe4 0-1

[Event "Euro Online U2300 Day 1"]
[Site "chess.com INT"]
[Date "2020.05.25"]
[Round "7"]
[White "Willow, Jonah B"]
[Black "Plaksin, Igor"]
[Result "1-0"]
[WhiteTitle "FM"]
[WhiteElo "2386"]
[BlackElo "1868"]
[WhiteFideId "438804"]
[BlackFideId "34182117"]
[EventDate "2020.05.25"]

1. e4 c5 2. Nf3 d6 3. d4 cxd4 4. Qxd4 Nc6 5. Bb5 Qa5+ 6. Nc3 Bd7 7. Bxc6 bxc6 8.
O-O e5 9. Qd3 h6 10. Nd2 Qc7 11. Nc4 Be6 12. Rd1 Rd8 13. Ne3 Nf6 14. Ne2 Be7 15.
c4 O-O 16. Ng3 g6 17. b3 Rfe8 18. Bb2 Nd7 19. Qe2 Bf8 20. Rd2 Nc5 21. Rad1 Bc8
22. f3 Ne6 23. Ngf1 Nf4 24. Qe1 h5 25. g3 Nh3+ 26. Kg2 Ng5 27. h4 Bh3+ 28. Kf2
Ne6 29. Kg1 Bh6 30. Re2 Qb6 31. Kh2 Bxf1 32. Nxf1 Nd4 33. Rf2 d5 34. cxd5 cxd5
35. exd5 Rxd5 36. Ne3 Bxe3 37. Qxe3 Nxf3+ 38. Qxf3 Qxf2+ 39. Qxf2 Rxd1 40. Qe2
Red8 41. Bc3 R1d5 42. Qc4 f5 43. Bxe5 1-0

[Event "Euro Online U2300 Day 1"]
[Site "chess.com INT"]
[Date "2020.05.25"]
[Round "7"]
[White "Martirosyan, Haik M."]
[Black "Paprocki, Jaroslaw"]
[Result "0-1"]
[WhiteTitle "GM"]
[WhiteElo "2617"]
[BlackElo "2248"]
[WhiteFideId "13306553"]
[BlackFideId "1122274"]
[EventDate "2020.05.25"]

1. b3 e5 2. Bb2 Nc6 3. e3 a6 4. Nf3 d6 5. c4 e4 6. Nd4 Ne5 7. Nc3 c5 8. Nc2 Bg4
9. Qb1 Nf6 10. h3 Bf5 11. Be2 Be7 12. Kf1 O-O 13. Ne1 h6 14. f4 exf3 15. Qxf5
fxe2+ 16. Kxe2 b5 17. Nf3 g6 18. Qc2 bxc4 19. Nxe5 dxe5 20. bxc4 Qd7 21. g4 Qe6
22. Ne4 Rab8 23. Ba3 Rfd8 24. Rhf1 Nxe4 25. Qxe4 Qd7 26. Qc2 e4 27. Rab1 Rxb1
28. Rxb1 Qc7 29. Rh1 Rd3 30. Bb2 Qg3 31. Rf1 Qxh3 32. Rf4 Qg2+ 33. Kd1 Qg1+ 34.
Ke2 Qg2+ 35. Kd1 Bh4 36. Qa4 Qxd2# 0-1

[Event "Euro Online U2300 Day 1"]
[Site "chess.com INT"]
[Date "2020.05.25"]
[Round "7"]
[White "Ioannidis, Evgenios"]
[Black "Hasanagic, Anel"]
[Result "0-1"]
[WhiteTitle "IM"]
[BlackTitle "CM"]
[WhiteElo "2401"]
[BlackElo "2235"]
[WhiteFideId "4229274"]
[BlackFideId "14605791"]
[EventDate "2020.05.25"]

1. d4 d6 2. e4 Nd7 3. Nf3 e5 4. Nc3 c6 5. a4 Be7 6. Bc4 Ngf6 7. O-O O-O 8. a5
Qc7 9. Re1 h6 10. h3 Re8 11. Be3 Nf8 12. Qd2 Be6 13. Bf1 Ng6 14. d5 cxd5 15.
exd5 Bd7 16. Nb5 Bxb5 17. Bxb5 Rec8 18. a6 b6 19. Bc6 Rab8 20. Ra3 Bf8 21. Bb7
Rxb7 22. axb7 Qxb7 23. Rd1 Ne7 24. Rda1 a5 25. Rb3 Nexd5 26. Rxa5 Qc6 27. Rab5
Nxe3 28. Rxb6 Qxc2 29. fxe3 Qb1+ 30. Kh2 Rc2 31. Qe1 Rc1 32. Qh4 Rh1+ 33. Kg3
Ne4+ 34. Kg4 g5 0-1

[Event "Euro Online U2300 Day 1"]
[Site "chess.com INT"]
[Date "2020.05.25"]
[Round "7"]
[White "Vardanyan, Aras"]
[Black "Grineva, Marianna"]
[Result "1-0"]
[BlackTitle "WFM"]
[WhiteElo "2178"]
[BlackElo "2002"]
[WhiteFideId "12808792"]
[BlackFideId "14102013"]
[EventDate "2020.05.25"]

1. d4 g6 2. c4 f5 3. h4 Nf6 4. h5 gxh5 5. Nc3 d6 6. Bg5 Bg7 7. e3 Be6 8. Bxf6
Bxf6 9. Qxh5+ Kf8 10. Bd3 Qe8 11. Qf3 c6 12. Nh3 Qf7 13. d5 cxd5 14. Nf4 Bd7 15.
cxd5 Na6 16. Ne6+ Bxe6 17. dxe6 Bxc3+ 18. bxc3 Qxe6 19. Bxa6 Rc8 20. Bxb7 Rxc3
21. O-O h5 22. Rac1 Ra3 23. Rc8+ Kg7 24. Rxh8 Kxh8 25. Qxh5+ Kg7 26. Qg5+ Kf7
27. Rc1 Ra5 28. Rc8 d5 29. Qg8+ Kf6 30. Rc6 Qxc6 31. Bxc6 e6 32. Qf8+ Ke5 33.
f4+ Ke4 34. Qb4+ Kxe3 35. Qxa5 1-0

[Event "Euro Online U2300 Day 1"]
[Site "chess.com INT"]
[Date "2020.05.25"]
[Round "7"]
[White "Korotaev, Yaroslav"]
[Black "Travica, Robert"]
[Result "1/2-1/2"]
[WhiteElo "1893"]
[BlackElo "2002"]
[WhiteFideId "54153450"]
[BlackFideId "954861"]
[EventDate "2020.05.25"]

1. d4 d5 2. c4 e6 3. Nf3 Nf6 4. g3 Be7 5. Bg2 O-O 6. O-O b6 7. cxd5 exd5 8. Ne5
Bb7 9. Nc3 Nbd7 10. Qa4 c5 11. Nxd7 Qxd7 12. Qxd7 Nxd7 13. Nxd5 Bxd5 14. Bxd5
Rad8 15. dxc5 Nxc5 16. Bg2 Bf6 17. Rb1 Rd7 18. Be3 Rfd8 19. b4 Na4 20. Bc6 Nc3
21. Bxd7 Nxb1 22. Bc6 Nc3 23. a4 Nxe2+ 24. Kg2 Nd4 25. Be4 g6 26. Rd1 Kg7 27. h4
Ne6 28. Rxd8 Bxd8 29. Bd5 Bf6 30. Bxe6 fxe6 31. Kf3 Bc3 32. b5 Be5 33. Ke4 Bd6
34. Bd4+ Kf7 35. Be5 Ke7 36. Bd4 Kd7 37. f4 h5 38. Be5 Ke7 39. Bxd6+ Kxd6 40.
Kd4 Kd7 41. Ke3 Kd6 42. Kd4 Kd7 43. Ke5 Ke7 44. Ke4 Kd6 45. Kd4 1/2-1/2

[Event "Euro Online U2300 Day 1"]
[Site "chess.com INT"]
[Date "2020.05.25"]
[Round "7"]
[White "Ragnarsson, Johann"]
[Black "Skreno, Vladimir"]
[Result "1-0"]
[WhiteElo "1956"]
[BlackElo "2119"]
[WhiteFideId "2301040"]
[BlackFideId "14902893"]
[EventDate "2020.05.25"]

1. d4 Nf6 2. Bg5 g6 3. c4 Bg7 4. Nc3 d6 5. e4 Nbd7 6. f3 O-O 7. Nge2 h6 8. Be3
e5 9. d5 c6 10. Qd2 cxd5 11. cxd5 Kh7 12. Ng3 b6 13. Be2 Nc5 14. O-O h5 15. b4
Ncd7 16. Bb5 Ne8 17. Bc6 Rb8 18. Kh1 Rg8 19. Nb5 a6 20. Nc3 Bf8 21. Qf2 Be7 22.
f4 exf4 23. Qxf4 Rg7 24. Bxd7 Bxd7 25. Qh6+ Kg8 26. Bd4 1-0

[Event "Euro Online U2300 Day 1"]
[Site "chess.com INT"]
[Date "2020.05.25"]
[Round "7"]
[White "Tzoumbas, Anastasios"]
[Black "Kabadayi, Can"]
[Result "1-0"]
[WhiteTitle "FM"]
[WhiteElo "2284"]
[BlackElo "2176"]
[WhiteFideId "4200519"]
[BlackFideId "6306810"]
[EventDate "2020.05.25"]

1. c4 g6 2. Nc3 c5 3. g3 Bg7 4. Bg2 Nc6 5. Rb1 e5 6. a3 a5 7. e3 Nge7 8. Nge2
O-O 9. O-O d6 10. Nb5 Be6 11. Qc2 a4 12. Rd1 Na5 13. d3 d5 14. cxd5 Bxd5 15.
Bxd5 Nxd5 16. Qxa4 Qd7 17. Nec3 Nb6 18. Qc2 Rfd8 19. b4 cxb4 20. Rxb4 Rac8 21.
Qe2 Nc6 22. Rb1 Nd5 23. Ne4 Nce7 24. Bd2 f5 25. Ned6 Rc6 26. e4 Nf6 27. Bb4 Nc8
28. Qa2+ 1-0